000 00446nam a2200181Ia 4500
001 4168
005 20260306145736.0
008 260306t2017||||xx |||||||||||||| ||spa||
041 _aESP
082 _a307.7285
_bM584
100 _aMujica Bermúdez, Luis
_eAUT
245 0 _aPachamama Kawsan:
_bhacia una ecología andina
260 _c2017
300 _a412 páginas :
_c24 cm.
650 _aGEN
654 _aCHU
942 _cLIB
_dJUS
_fJUS
_2ddc
_n
999 _c4168
_d4168